Musicals Sixes Quiz Stats

 Plays Quiz Updated Jun 15, 2019

Score 0/36 Timer 06:00
0 Plays Today
Hint Answer % Correct
Longest-running Broadway musicalsCats
80.9%
Longest-running Broadway musicalsThe Lion King
74.5%
6 Disney animated films that became Broadway musicalsThe Lion King
73.6%
Longest-running Broadway musicalsThe Phantom of the Opera
62.8%
6 Disney animated films that became Broadway musicalsBeauty and the Beast
62.4%
6 Disney animated films that became Broadway musicalsAladdin
53.6%
6 Disney animated films that became Broadway musicalsThe Little Mermaid
53.4%
Rodgers & Hammerstein stage musicals that became feature filmsOklahoma!
52.5%
Last 6 one-word musicals to win Tony for Best MusicalHamilton (2016)
45.7%
Rodgers & Hammerstein stage musicals that became feature filmsThe Sound of Music
44.9%
6 Disney animated films that became Broadway musicalsFrozen
43.9%
Longest-running Broadway musicalsLes Misérables
42.9%
6 named, singing-role characters killed in Sweeney Todd^Sweeney Todd
42.7%
Longest-running Broadway musicalsChicago
42.3%
Longest-running Broadway musicalsWicked
41.9%
Cell Block Tango key words (from Chicago)*Pop
41.7%
Rodgers & Hammerstein stage musicals that became feature filmsSouth Pacific
38.7%
Cell Block Tango key words (from Chicago)*Lipschitz
37.7%
Hint Answer % Correct
Cell Block Tango key words (from Chicago)*Cicero
36.8%
Cell Block Tango key words (from Chicago)*Squish
36.5%
Cell Block Tango key words (from Chicago)*Six
35.3%
Cell Block Tango key words (from Chicago)*uh-uh
34.2%
Rodgers & Hammerstein stage musicals that became feature filmsCarousel
32.7%
Rodgers & Hammerstein stage musicals that became feature filmsThe King and I
31.1%
6 Disney animated films that became Broadway musicalsTarzan
25%
6 named, singing-role characters killed in Sweeney Todd^Mrs. Lovett
24.9%
6 named, singing-role characters killed in Sweeney Todd^Judge Turpin
23.2%
Last 6 one-word musicals to win Tony for Best MusicalHairspray (2003)
20.6%
Last 6 one-word musicals to win Tony for Best MusicalHadestown (2019)
19.6%
Last 6 one-word musicals to win Tony for Best MusicalOnce (2012)
17.1%
6 named, singing-role characters killed in Sweeney Todd^Adolfo Pirelli
14.2%
6 named, singing-role characters killed in Sweeney Todd^Beadle Bamford
13.7%
6 named, singing-role characters killed in Sweeney Todd^Beggar Woman (Lucy)
13.1%
Last 6 one-word musicals to win Tony for Best MusicalSpamalot (2005)
10.7%
Rodgers & Hammerstein stage musicals that became feature filmsFlower Drum Song
9.9%
Last 6 one-word musicals to win Tony for Best MusicalMemphis (2010)
8%

You're not logged in!

Compare scores with friends on all Sporcle quizzes.
OR
Log In

Sporcle TV

Today on Sporcle TV


Watch our educational content, quiz creation guides, and fun videos on Sporcle TV.

Show Comments

Extras

Top Quizzes Today


Score Distribution

Your Account Isn't Verified!

In order to create a playlist on Sporcle, you need to verify the email address you used during registration. Go to your Sporcle Settings to finish the process.

Report this User

Report this user for behavior that violates our Community Guidelines.

Details: